| 000 | 00589nam a2200205 a 4500 | ||
|---|---|---|---|
| 005 | 20220625063510.0 | ||
| 008 | 070912s1999 mx r 000 0 spa d | ||
| 020 | _a958920368X | ||
| 035 | _aUPN01000151858 | ||
| 049 | _aCG | ||
| 050 | 4 |
_aJC599 C7 _bP7.6 1999 |
|
| 245 | 0 | 0 | _aProtección de los derechos humanos. |
| 250 | _a2a ed. | ||
| 260 |
_aBogotá : _bUniversidad del Rosario, _c1999. |
||
| 300 | _a225 p. | ||
| 440 | 0 | _aTextos jurídicos | |
| 650 | 4 |
_aDERECHOS HUMANOS - _zCOLOMBIA _97781 |
|
| 650 | 2 |
_aDerechos civiles _xInterpretación y construcción _97718 |
|
| 905 | _aLibro | ||
| 999 |
_c123993 _d123993 |
||